000 00351nam a2200157Ia 4500
003 OSt
005 20240217125426.0
008 170524s9999 xx 000 0 und d
020 _a8178350033
040 _cIIMT
100 _aSingh Rajendra
245 0 _aHotel and Hospitality Management
260 _bKlpaz Pub.
260 _c2003
942 _2ddc
_c02
999 _c7497
_d7497